00697nam a2200193 a 4500003000200000005001700002008004100019050003200060100002500092245005900117260009100176300002800267504004300295650004000338650003300378650002900411650002500440650003800465020250201083435.0130901s19uu xx 00 eng d aPGS GV 1469.3b.Sh556 2013  aShin, Young Aaron B. aVideo gaming and eating habits /cYoung Aaron B. Shin. aLas Piñas City, Philippines :bSouthville International School and Colleges, c2013. a31 p. :bill. ;c28 cm. aIncludes bibliographical references.  aVideo gamesvPsychological aspects. aVideo gamesvSocial aspects. aEating habitsvChildren. aNutritionvChildren. aChild healthvVideo game effects.